Responses for show #5881 - Monday, March 22, 2010

Contestants

Lisa Horowitz, a social media editor from Los Angeles, California

Jonathan Sanchez, a writer and bookstore owner from Charleston, South Carolina

Kristian Zoerhoff, a computer engineer from Gilberts, Illinois (whose 1-day cash winnings total $21,700)

Jeopardy! Round responses

VICE PRECEDENTS
OFF THE RECORD
(Alex: We want you to name the album for us.)
____LESS IS MORE
CHARACTERS WHO BECAME WORDS
SLINGS & ARROWS
OF OUTRAGEOUS FORTUNE
    $200 30
Walter Mondale

Jonathan
    $200 11
Thriller

Lisa
    $200 1
seedless

Lisa
    $200 2
Peter Pan

Kristian
    $200 12
Goliath

Lisa
    $200 16
Leona Helmsley

Kristian
    $400 29
(Lisa: Who is Coolidge?)

Taft

KristianLisa
    $400 14
Born in the U.S.A.

Kristian
    $400 3
paperless

Lisa
    $400 7
Shylock

Lisa
    $400 13
a see-saw

Jonathan
    $400 17
a trash can

Kristian
    $600 28
Geraldine Ferraro

Lisa
    $600 15
Hotel California

Lisa
    $600 4
bottomless

Jonathan
    $600 8
Gargantua

Jonathan
    $600 21
the Aztecs

Lisa
    $600 18
the Hamptons

Kristian
    $800 27
John Tyler

Kristian
    $800 23
Graceland

Jonathan
    $800 5
a Mexican hairless

Kristian
    $800 9
Dr. Jekyll & Mr. Hyde

Jonathan
    $800 22
Sagittarius

Jonathan
    $800 19
(Alex: Yes, just like Lisa! Twenty-one grand for a haircut.)
[Laughter]

Brunei

Jonathan
    $1,000 26
(Alex: Is it "True Daily Double" time?)
(Kristian: Not this time, Alex. $1,000.)
...
(Alex:[*], following the resignation of Richard Nixon, correct.)

Gerald Ford

Kristian
    $1000 24
Appetite for Destruction

Kristian
    $1000 6
the jobless rate

Kristian
    $1000 10
Walter Mitty

Jonathan
    $1000 25
the Battle of Hastings

Kristian
    $1000 20
Imelda Marcos

Kristian

Scores at the first commercial break (after clue 15):

Kristian Jonathan Lisa
$2,400 $3,400 $2,000

Scores at the end of the Jeopardy! Round:

Kristian Jonathan Lisa
$8,800 $6,000 $2,800

Double Jeopardy! Round responses

EARTH SCIENCE
TITLE ROLE PLAYING
CANADIAN CAPITALS, EH?
PASS THE SALT
OWED ON A GRECIAN URN
BREAKING THE PHONICS RULES
    $400 16
Yellowstone National Park

Kristian
    $400 1
Paul Newman

Jonathan
    $400 6
British Columbia

Lisa
    $400 21
Lot

Jonathan
    $400 26
Homer

Kristian
    $400 9
the cello

Jonathan
    $800 17
metamorphic rock

Kristian
    $800 2
Peter Sellers

Lisa
    $800 7
Nova Scotia

Kristian
    $800 22
the Erie Canal

Jonathan
    $800 27
Aesop

Jonathan
    $800 10
a pint

Kristian
    $1200 18
carbon-14

Kristian
    $1200 3
Matt Damon

Kristian
    $1200 8
Winnipeg

Jonathan
    $1200 23
kosher salt

Kristian
    $1200 28
Hippocrates

Lisa
    $2,000 11
(Kristian: What is... I have absolutely no clue?)

grasshopper

Kristian
    $1600 19
the mantle

Lisa
    $1600 4
Johnny Depp

Lisa
    $1600 14
(Jonathan: What is New Brunswick?)
(Lisa: What is Newfoundland?)

Prince Edward Island

KristianJonathanLisa
    $1600 24
(Lisa: What is Egypt?)

Ethiopia

KristianLisa
    $1600 29
Plutarch

Triple Stumper
    $1600 12
(Kristian: What is the Order of the Garter?)
...
(Alex: The British distinction that we don't have here is [*].)

knighthood

Kristian
Triple Stumper
    $2000 20
plate tectonics

Kristian
    $2000 5
(Kristian: Who is Clint Eastwood?)
(Alex: All three, please.)
(Kristian: And... I don't know the other two.)

Clint Eastwood, Lee Van Cleef & Eli Wallach

Kristian
Triple Stumper
    $2000 15
Nunavut

Kristian
    $2000 25
(Lisa: What are salt flats?)
(Alex: Be more specific.)
(Lisa: Uhhh, [*]?)

Bonneville Salt Flats

Lisa
    $5,000 30
(Lisa: Who is Julius Caesar?)

Pericles

Lisa
    $2000 13
(Jonathan: What is a Pyrrhic victory?)

uphill

Jonathan
Triple Stumper

Scores at the end of the Double Jeopardy! Round:

Kristian Jonathan Lisa
$17,200 $6,400 $2,200
(lock game)

[wagering suggestions for these scores]

Final Jeopardy! Round responses

SHAKESPEARE TITLES
LisaWhat is Love's Labour's Lost?
$2,000
JonathanWhat is Love's Labour's Lost?
$1,000
KristianWhat is [All's Well That Ends W crossed out]
$4,000
Love's Labour's Lost

Final scores:

Kristian Jonathan Lisa
$13,200 $7,400 $4,200
2-day champion: $34,900 2nd place: $2,000 3rd place: $1,000

Game dynamics:

Coryat scores:

Kristian Jonathan Lisa
$19,200 $6,400 $7,200
25 R
(including 1 DD),
3 W
(including 1 DD)
15 R,
2 W
14 R,
4 W
(including 1 DD)

Combined Coryat: $32,800

The J! Archive is created by fans, for fans. The Jeopardy! game show and all elements thereof, including but not limited to copyright and trademark thereto, are the property of Jeopardy Productions, Inc. and are protected under law. This website is not affiliated with, sponsored by, or operated by Jeopardy Productions, Inc. Join the discussion at JBoard.tv.